• 首页
  • 本馆介绍
  • 公告通知
  • 最新文献
  • 馆藏检索
  • 电子资源
  • 读者导购
  • 参考咨询
  • 我的图书馆
  • 登录
  • 详细信息显示
  • 放入我的书架
  • 预约/预借图书
  • 作者相关作品
  • 分类相关作品
  • 丛书相关作品
  • 出版社相关作品

书目信息

  • 表格格式
  • 工作单格式
  • 卡片格式
题名:
土壤地理学
    
 
作者: 李天杰 , 郑应顺 编
分册:  
出版信息: 北京   高等教育出版社  1983.08
页数: 294页
开本: 26cm
丛书名:
单 册:
中图分类: S159
科图分类:
主题词: 土壤学
电子资源:
ISBN: 7-04-000419-4
000 00615nam0 2200229 45
001 0409071626
005 20040907162736.0
010    @a7-04-000419-4@dCNY3.95
100    @a20040907d1983 km y0chiy0120 ea
101 0  @achi
105    @a z 000yy
200 1  @a土壤地理学@ATu Rang Di Li Xue@f李天杰,郑应顺编@FLi Tian Jie,Zheng YingShun Bian
205    @a2版
210    @a北京@c高等教育出版社@d1983.08
215    @a294页@d26cm
300    @a高等学校教材
606 0  @a土壤学
690    @aS159@v3
701  0 @a李天杰@4编
701  0 @a郑应顺@4编
801    @aCN@bPftUser@c20040907
905    @f1@b225930@dS159@e1=2
    
    土壤地理学/李天杰,郑应顺编.-2版.-北京:高等教育出版社,1983.08
    294页;26cm
    高等学校教材
    
    ISBN 7-04-000419-4:CNY3.95
    
●
相关链接 在E读中查询图书 在五车中查询图书 在当当中查询图书 在豆瓣中查询图书


正题名:土壤地理学     索取号:S159/1=2         预约/预借

序号 登录号 条形码 馆藏地/架位号 状态 备注
1 0225930   001949066   密集书库/ [索取号:S159/1=2] 在馆    
2 0225931   000717585   第二样本阅览室/ [索取号:S159/1=2] 在馆    
唐山师范学院图书馆 欢迎您!
大连网信软件有限公司© 版权所有